000
00306nam a22001457a 4500
003
SGT
082
_a
346.4860954,JAI
100
_a
JAIN,R.K
245
_a
PATENT AGENT EXAMINATION
250
_a
1ST
260
_a
NEW DELHI
_b
UNIVERSAL BOOK
_c
2014
300
_a
264
650
_a
PATENT
942
_2
ddc
_c
BK
_0
1
999
_c
9901
_d
9901